Statistics for The UN Vote on President Zelensky's Speech

Click here to take the quiz!

General Stats

  • This quiz has been taken 64 times
  • The average score is 5 of 7

Answer Stats

country% Correct
Russia
97%
Belarus
87%
North Korea
84%
Syria
74%
Cuba
66%
Eritrea
43%
Nicaragua
34%

Score Distribution

Percentile by Number Answered

Percent of People with Each Score

Your Score History

You have not taken this quiz